书目信息 |
| 题名: |
青年管理者必读的101个哲理
|
|
| 作者: | 牧彤 编译 | |
| 分册: | ||
| 出版信息: | 北京 北京工业大学出版社 2004 |
|
| 页数: | 244页 | |
| 开本: | 21cm | |
| 丛书名: | ||
| 单 册: | ||
| 中图分类: | C933.2 | |
| 科图分类: | ||
| 主题词: | 领导学 | |
| 电子资源: | ||
| ISBN: | 7-5639-1369-6 | |
| 000 | 00878nam0 2200229 45 | |
| 001 | 002728389 | |
| 005 | 20050105135405.3 | |
| 010 | @a7-5639-1369-6@dCNY28.00 | |
| 100 | @a20040922d2004 em y0chiy0110 ea | |
| 101 | 1 | @achi |
| 102 | @aCN@b110000 | |
| 105 | @ay z 000yy | |
| 200 | 1 | @a青年管理者必读的101个哲理@Aqing nian guan li zhe bi du de 101 ge zhe li@e一部商业精英的成长圣经@EYi Bu Shang Ye Jing Ying De Cheng Zhang Sheng Jing@f牧彤编译@FMu Tong Bian Yi |
| 210 | @a北京@c北京工业大学出版社@d2004 | |
| 215 | @a244页@d21cm | |
| 330 | @a本书以简短的哲理故事并进行解析的方式,剖析管理大师的管理理念、管理原则与管理方法,洞察管理的哲学与智慧。 | |
| 517 | @a一部商业精英的成长圣经@AYi Bu Shang Ye Jing Ying De Cheng Zhang Sheng Jing | |
| 606 | 0 | @a领导学 |
| 690 | @aC933.2@v4 | |
| 701 | 0 | @a牧彤@4编译 |
| 801 | 0 | @aCN@bNLC@c20041020 |
| 905 | @b341027-031@dC933.2@e149@f5 | |
| 青年管理者必读的101个哲理:一部商业精英的成长圣经/牧彤编译.-北京:北京工业大学出版社,2004 |
| 244页;21cm |
| ISBN 7-5639-1369-6:CNY28.00 |
| 本书以简短的哲理故事并进行解析的方式,剖析管理大师的管理理念、管理原则与管理方法,洞察管理的哲学与智慧。 |
| ● |
| 相关链接 |
|
|
|
|
正题名:青年管理者必读的101个哲理
索取号:C933.2/149
 
预约/预借
| 序号 | 登录号 | 条形码 | 馆藏地/架位号 | 状态 | 备注 |
| 1 | 0341027 | 203410273 | 第一样本阅览室/ [索取号:C933.2/149] | 在馆 | |
| 2 | 0341028 | 203410282 | 第一借阅区/ [索取号:C933.2/149] | 在馆 | |
| 3 | 0341029 | 203410291 | 教育系资料室/ [索取号:C933.2/149] | 在馆 | |
| 4 | 0341030 | 203410308 | 第一借阅区/ [索取号:C933.2/149] | 在馆 | |
| 5 | 0341031 | 203410317 | 教育系资料室/ [索取号:C933.2/149] | 在馆 |